Logo BPK

Biblioteka

Politechniki Koszalińskiej

Vermeer / (Rekord nr 53739)

Szczegóły MARC
000 -ETYKIETA REKORDU
podpole kontrolne o stałej długości 00808nam a2200265 i 4500
001 - NUMER KONTROLNY REKORDU
pole kontrolne bg
020 ## - MIĘDZYNARODOWY ZNORMALIZOWANY NUMER KSIĄŻKI - ISBN
ISBN 9788360529195
020 ## - MIĘDZYNARODOWY ZNORMALIZOWANY NUMER KSIĄŻKI - ISBN
ISBN 8360529191
040 ## - ŹRÓDŁO KATALOGOWANIA
Instytucja, która utworzyła rekord BPK
041 1# - KOD JĘZYKA
Kod języka tekstu pol
Kod języka oryginału ger
080 ## - UNIWERSALNA KLASYFIKACJA DZIESIĘTNA - UKD
UKD 75.071(492)"16"(084.11)A/Z
920 ## - Międzynarodowy znormalizowany numer książki – ISBN
ISBN 978-83-60529-19-5
920 ## - Międzynarodowy znormalizowany numer książki – ISBN
ISBN 83-60529-19-1
008 - POLE O STAŁEJ DŁUGOŚCI - DANE KONTROLNE
podpole kontrolne o stałej długości s pl f |000 0 pol
100 1# - NAZWA OSOBOWA
Nazwa osobowa Zuffi, Stefano
Daty związane z nazwą (1961-).
245 0# - TYTUŁ/ODPOWIEDZIALNOŚĆ
Tytuł Vermeer /
Pozostałe elementy strefy tytułu i oznaczenia odpowiedzialności [tekst Stefano Zuffi ; tł. z niem. Marianna Rostkowska].
260 ## - STREFA ADRESU WYDAWNICZEGO
Miejsce wydania Warszawa :
Nazwa wydawcy/dystrybutora Rzeczpospolita ;
-- HPS,
Data publikacji, dystrybucji/powstania dokumentu 2006.
300 ## - STREFA OPISU FIZYCZNEGO
Objętość 143 s. :
Inne cechy fizyczne il. ;
Rozmiary 26 cm.
490 1# - STREFA SERII I DOKUMENTU WIELOCZĘŚCIOWEGO - FORMA NIE DO WYSZUKIWANIA
Tytuł i oznaczenie odpowiedzialności serii Klasycy Sztuki ;
Numeracja w obrębie serii 20
600 09 - HASŁO PRZEDMIOTOWE W FORMIE NAZWY OSOBOWEJ
Nazwa osobowa Vermeer van Delft, Jan
Daty związane z nazwą (1632-1675)
Określnik ogólny twórczość
650 #0 - HASŁO PRZEDMIOTOWE W FORMIE NAZWY OGÓLNEJ LUB JEDNOSTKOWEJ
Nazwa ogólna lub geograficzna Malarstwo holenderskie
Określnik ogólny historia
Określnik chronologiczny 17 w.
700 01 - HASŁO DODATKOWE - NAZWA OSOBOWA
Nazwa osobowa Łozińska, Tamara
Określenie związku między hasłem a opisywanym materiałem Tł.
830 ## - HASŁO DODATKOWE SERII LUB DOKUMENTU WIELOCZĘŚCIOWEGO - TYTUŁ UJEDNOLICONY
Tytuł ujednolicony Klasycy Sztuki ;
856 ## - LOKALIZACJA I DOSTĘP DO ELEKTRONICZNYCH DOKUMENTÓW ZDALNYCH
Link (URL) http://koha.tu.koszalin.pl/cgi-bin/koha/opac-detail.pl?biblionumber=53739
Tekst linku Katalog online BPK
942 ## - DODATKOWE ELEMENTY (KOHA)
Typ dokumentu Książka
Egzemplarze
Wycofany Status egzemplarza Uszkodzony Dostępność Lokalizacja stała Lokalizacja bieżąca Miejsce przechowywania Sygnatura Kod kreskowy Dział Typ dokumentu
      Tylko na miejscu Czytelnia Wydziału Elektroniki i Informatyki, Wydziału Architektury i Wzornictwa, Wydziału Inżynierii Mechanicznej i Energetyki oraz Wydziału Inżynierii Lądowej, Środowiska i Geodezji Czytelnia Wydziału Elektroniki i Informatyki, Wydziału Architektury i Wzornictwa, Wydziału Inżynierii Mechanicznej i Energetyki oraz Wydziału Inżynierii Lądowej, Środowiska i Geodezji Czytelnia Wydziałowa ul. Śniadeckich 2 84539 02373898 75 Malarstwo Książka
© 2023 Biblioteka Politechniki Koszalińskiej :: KOHA